| 000 | 00920cam a22002054a 4500 | ||
|---|---|---|---|
| 020 | _a9788121106252 | ||
| 040 | _cDLC | ||
| 082 | _a634 FOU 2008 A083 Or. | ||
| 245 | 0 | 0 |
_aAdaptive management of medicinal plants and non-timber forest products : _bstrategies, implications, and policy / |
| 260 |
_aDehra Dun : _bBishen Singh Mahendra Pal Singh ; _aBangalore : _bFoundation for Revitalisation of Local Health Traditions, _cc2008. |
||
| 300 |
_axxii, 278 p. : _bill. (chiefly col.), col. map ; _c24 cm. |
||
| 520 | _aContributed articles presented at a workshop held at Bangalore on 24th & 25th Jan. 2006. | ||
| 650 | 0 | _aMedicinal plants | |
| 650 | 0 | _aNon-timber forest products | |
| 700 | 1 | _aKinhal, Giridhar A. | |
| 700 | 1 | _aRao, R. Jagannatha. | |
| 710 | 2 | _aFoundation for Revitalisation of Local Health Traditions (Bangalore, India) | |
| 856 | 4 | 1 | _uhttp://www.loc.gov/catdir/toc/fy0906/2008306610.html |
| 942 | _cEK | ||
| 999 |
_c16053 _d16053 |
||